Countries with The Most Hospital Beds Per Capita - Statistics

General Stats
  • This quiz has been taken 48 times
  • The average score is 12 of 25
Answer Stats
Rank # Answer % Correct
8 8.2 Germany
85%
2 13.4 Japan
85%
5 10.3 South Korea
78%
17 6.5 France
71%
7 8.4 Russia
66%
1 13.8 Monaco
63%
9 7.7 Austria
61%
19 6.3 Belguim
56%
18 6.5 Poland
56%
25 5.9 Latvia
51%
11 7.4 Lithuania
51%
12 7 Hungary
49%
20 6.2 Romania
46%
6 8.9 Ukraine
46%
16 6.6 Bulgaria
44%
24 5.9 Slovakia
44%
15 6.7 Czechia
41%
4 11.3 Belarus
37%
23 5.9 Croatia
34%
22 6.2 Moldova
34%
13 7 Kazakhstan
29%
14 7 Mongolia
24%
3 13.2 North Korea
24%
10 7.4 Turkmenistan
17%
21 6.2 Barbados
7%
No matching quizzes found
Score Distribution
Percent of People with Each Score
Percentile by Number Answered
Your Score History
You have not taken this quiz